ČSFR v mezinárodní ekonomice čtvrtletní přehled
Enregistré dans:
| Format: | Livre |
|---|---|
| Langue: | tchèque |
| Publié: |
Praha
Výzkumný ústav vnějších ekonomických vztahů
1993
|
| Édition: | 1. vyd. |
| Sujets: | |
| Tags: |
Pas de tags, Soyez le premier à ajouter un tag!
|
MARC
| LEADER | 00000nam a2200000 4500 | ||
|---|---|---|---|
| 001 | c003912 | ||
| 005 | 20250526072029.6 | ||
| 041 | 0 | |a cze | |
| 044 | |a CZ | ||
| 245 | 1 | 0 | |a ČSFR v mezinárodní ekonomice |b čtvrtletní přehled |
| 250 | |a 1. vyd. | ||
| 264 | 1 | |a Praha |b Výzkumný ústav vnějších ekonomických vztahů |c 1993 | |
| 300 | |a 104 s. |e 15,21 s. príl. | ||
| 610 | 2 | 0 | |a údaje štatistické |
| 610 | 2 | 0 | |a ČSFR |
| 610 | 2 | 0 | |a obchod zahraničný |
| 610 | 2 | 0 | |a kapitál zahraničný |
| 610 | 2 | 0 | |a vzťahy hospodárske medzinárodné |
| 610 | 2 | 0 | |a rozpočet štátny |
| 610 | 2 | 0 | |a Česko |
| 610 | 2 | 0 | |a Slovensko |
| 610 | 2 | 0 | |a bilancia platobná |
| 610 | 2 | 0 | |a kurz menový |
| 610 | 2 | 0 | |a Európske spoločenstvá |
| 610 | 2 | 0 | |a EZVO |
| 610 | 2 | 0 | |a OECD |
| 610 | 2 | 0 | |a Stredoeurópska iniciatíva |
| 610 | 2 | 0 | |a ceny |
| 610 | 2 | 0 | |a zákony |
| 610 | 2 | 0 | |a legislatíva |